| 000 | 00760nam a2200229 i 4500 | ||
|---|---|---|---|
| 001 | 123551 | ||
| 003 | ES-MaACL | ||
| 005 | 20230906192208.0 | ||
| 007 | t| | ||
| 008 | 070214s1956 sp r ||||1| spa d | ||
| 100 | 1 |
_aRahner, Hugo. _995011 |
|
| 245 | 1 | 0 |
_aIgnacio de Loyola / _ctexto: H. Rahner ; pórtico y versión: E. Larracoechea ; fotografías: Leonardo von Matt. |
| 260 |
_aBilbao : _bDesclée de Brouwer, _c1956. |
||
| 300 |
_a347 p., 226 lám. ; _c24 cm. |
||
| 490 | 1 | _aLos Santos para la imagen | |
| 600 | 0 | 4 |
_aIgnacio de Loyola _c, Santo. _965147 |
| 700 | 1 |
_aLarracoechea, E. _970293 |
|
| 700 | 1 |
_aMatt, Leonard von. _979106 |
|
| 830 | 0 |
_aLos Santos para la imagen _9218944 |
|
| 852 |
_aES-MaACL _jC-10888 _bR.38566 |
||
| 999 |
_c123551 _d123551 |
||